|
|
|
|
| LEADER |
00000nab a2200000 a 4500 |
| 001 |
vtls000695119 |
| 003 |
SK-MaSNL |
| 005 |
20260305020532.0 |
| 008 |
180205c1999 xo 0 slo |
| 015 |
|
|
|a SNBRB1999/06-16340
|
| 035 |
|
|
|a CLN000047286
|
| 040 |
|
|
|a SNKBUCL
|b slo
|c SNKBUCL
|e AACR2
|
| 041 |
0 |
|
|a slo
|
| 044 |
|
|
|a xo
|c SK
|
| 080 |
|
|
|a 323(497.11)
|2 UDC-MRF-SK2
|
| 100 |
0 |
|
|a lm
|4 aut
|9 843767
|
| 245 |
1 |
0 |
|a Spor o velenie misie
|b rozdielna interpretácia dohody o Kosove
|c [autor] lm
|
| 650 |
0 |
7 |
|a vojna v Kosove (1998-1999)
|2 snkbucl
|9 76980
|
| 651 |
|
7 |
|a Kosovo
|2 snkbucl
|9 112264
|
| 655 |
|
7 |
|a články z novín a časopisov
|2 snkbucl
|9 267496
|
| 773 |
0 |
|
|x 1335-4051
|t Pravda
|g Roč. 9, č. 131 (9.6.1999), s. 18
|
| 850 |
|
|
|a Slovenská národná knižnica v Martine
|
| 852 |
|
|
|a SNK
|b KIS3GCP
|
| 958 |
|
|
|a RBX
|
| 999 |
|
|
|c 3281268
|d 3283198
|